000 00442nam a2200181Ia 4500
005 20240823055814.0
008 240823s9999||||xx |||||||||||||| ||und||
041 _aTAMIL
082 _A920 Q4
100 _aNalli Kuppuswami Chettiar
245 0 _aMagakavi Bharathi Sila Oppittu Parvaikal
250 _a3rd
260 _c2014
_bSri Puvaneswari Pathi
500 _aYES
650 _aTamil Book
_bGeneral
942 _cBK
999 _c229649
_d229649